Hemos salvado la libertad y la paz /

Shranjeno v:
Bibliografske podrobnosti
Glavni avtor: Monge Alvarez, Luis Alberto
Format: Texto
Oznake: Označite
Brez oznak, prvi označite!

MARC

LEADER 00000 a a2200000 04500
001 9077
003
040
100 |a Monge Alvarez, Luis Alberto  
245 |a Hemos salvado la libertad y la paz /  |c Luis Alberto Monge Alvarez 
773 |g número 10515; páginas 31-34  
999 |c 38410  |d 38410